[Event "GER CupT qual"]
[Site "Germany"]
[Date "2010.01.16"]
[Round "1"]
[White "Scheerer, Christoph"]
[Black "Franke, Lutz"]
[Result "1-0"]
[WhiteElo "2416"]
[BlackElo "2107"]
[PlyCount "129"]
[EventDate "2010.01.16"]
[EventType "team-k.o."]
[EventRounds "1"]
[EventCountry "GER"]
[SourceTitle "CBM 134 Extra"]
[Source "ChessBase"]
[SourceDate "2010.03.03"]
[SourceVersion "1"]
[SourceVersionDate "2010.03.03"]
[SourceQuality "1"]

1. c4 e6 2. g3 f5 3. Bg2 Nf6 4. Nc3 Be7 5. d3 0-0 6. e4 fxe4 7. dxe4 e5 8. Be3 d6 9. h3 Be6 10. Nd5 c5 11. Ne2 Nxd5 12. exd5 Bf7 13. Qd2 Nd7 14. Nc3 a6 15. 0-0 Rb8 16. Rab1 Bg6 17. Be4 Qe8 18. Qc2 Bxe4 19. Nxe4 Qh5 20. Kg2 Nf6 21. b4 Nxe4 22. Qxe4 b6 23. Rb3 Qe2 24. Qg4 Qxg4 25. hxg4 b5 26. bxc5 bxc4 27. Rxb8 Rxb8 28. c6 Bd8 29. Kf3 Ba5 30. Ke4 c3 31. a3 Rb3 32. f4 exf4 33. Bxf4 Bc7 34. Bc1 Rb1 35. Kd3 Rb5 36. Kxc3 Rxd5 37. Be3 Ba5+ 38. Kc4 Re5 39. Bd4 Rg5 40. Rf5 Rxf5 41. gxf5 Kf7 42. Kd5 Bc7 43. g4 g6 44. f6 h5 45. g5 h4 46. Bf2 h3 47. Bg3 Bb8 48. Bh2 Bc7 49. Kd4 Ke6 50. Ke3 Bd8 51. Kf3 Bc7 52. Kg4 Bd8 53. Kxh3 Bc7 54. Kg4 Bb8 55. Kf3 Bc7 56. Ke2 Bd8 57. Kd3 Bb6 58. Kc3 Bc7 59. Bg3 Bb8 60. Kb4 Bc7 61. a4 Bd8 62. f7 Be7 63. Ka5 d5 64. Kxa6 d4 65. c7 1-0

[Event "BL2-Nord 0910"]
[Site "Germany"]
[Date "2009.11.29"]
[Round "3.2"]
[White "Scheerer, Christoph"]
[Black "Rudolf, Henrik"]
[Result "1-0"]
[WhiteElo "2416"]
[BlackElo "2353"]
[PlyCount "70"]
[EventDate "2009.10.18"]
[EventType "team-tourn"]
[EventRounds "9"]
[EventCountry "GER"]
[SourceTitle "EXT 2011"]
[Source "ChessBase"]
[SourceDate "2010.11.26"]
[SourceVersion "1"]
[SourceVersionDate "2010.11.26"]
[SourceQuality "1"]
[WhiteTeam "Luebeck"]
[BlackTeam "Schachfreunde"]
[WhiteTeamCountry "GER"]
[BlackTeamCountry "GER"]

1. c4 Nf6 2. g3 g6 3. Bg2 Bg7 4. Nc3 0-0 5. e4 d6 6. Nge2 c5 7. 0-0 Nc6 8. a3 Bg4 9. h3 Bxe2 10. Nxe2 Ne8 11. Rb1 a5 12. d3 Nc7 13. Be3 Ne6 14. f4 Ned4 15. Nc3 e6 16. h4 f5 17. h5 gxh5 18. Qxh5 Qe8 19. Qh3 Qg6 20. Bf2 Qh6 21. Qxh6 Bxh6 22. exf5 Rxf5 23. Nb5 Nxb5 24. cxb5 Nd8 25. b3 Rc8 26. Rfc1 b6 27. d4 Bf8 28. dxc5 bxc5 29. Be1 Rf7 30. Bxa5 Ra7 31. b4 d5 32. Bxd8 Rxd8 33. bxc5 Rxa3 34. c6 Bd6 35. c7 Rf8 1-0

[Event "BL2-Nord 0910"]
[Site "Germany"]
[Date "2009.11.15"]
[Round "2.2"]
[White "Luch, Michal"]
[Black "Scheerer, Christoph"]
[Result "1/2-1/2"]
[WhiteElo "2400"]
[BlackElo "2416"]
[PlyCount "41"]
[EventDate "2009.10.18"]
[EventType "team-tourn"]
[EventRounds "9"]
[EventCountry "GER"]
[SourceTitle "EXT 2011"]
[Source "ChessBase"]
[SourceDate "2010.11.26"]
[SourceVersion "1"]
[SourceVersionDate "2010.11.26"]
[SourceQuality "1"]
[WhiteTeam "Delmenhorst"]
[BlackTeam "Luebeck"]
[WhiteTeamCountry "GER"]
[BlackTeamCountry "GER"]

1. d4 d5 2. c4 Nc6 3. cxd5 Qxd5 4. e3 e5 5. Nc3 Bb4 6. Bd2 Bxc3 7. Bxc3 exd4 8. Ne2 Nf6 9. Nxd4 0-0 10. Nf3 Qxd1+ 11. Rxd1 Ne4 12. Rc1 Nxc3 13. Rxc3 Be6 14. Bc4 Bxc4 15. Rxc4 Rfe8 16. Ke2 Re7 17. Rhc1 f6 18. b4 a6 19. Nd2 Rc8 20. Nb3 Ne5 21. R4c3 1/2-1/2

[Event "Bargteheide op"]
[Site "Bargteheide"]
[Date "2008.05.03"]
[Round "6"]
[White "Salzberg, Gregor"]
[Black "Scheerer, Christoph"]
[Result "1/2-1/2"]
[WhiteElo "2137"]
[BlackElo "2426"]
[PlyCount "168"]
[EventDate "2008.05.01"]
[EventType "swiss"]
[EventRounds "7"]
[EventCountry "GER"]
[SourceTitle "CBM 124 Extra"]
[Source "ChessBase"]
[SourceDate "2008.07.03"]
[SourceVersion "1"]
[SourceVersionDate "2008.07.03"]
[SourceQuality "1"]

1. c4 Nc6 2. Nc3 e5 3. g3 Nf6 4. Bg2 Bc5 5. e3 d5 6. cxd5 Nb4 7. d3 Nbxd5 8. Nge2 c6 9. Nxd5 Nxd5 10. a3 Bb6 11. 0-0 h5 12. d4 exd4 13. Nxd4 h4 14. e4 Nf6 15. Nc2 Qxd1 16. Rxd1 hxg3 17. hxg3 Ng4 18. Ne3 Nxe3 19. Bxe3 Bxe3 20. fxe3 Bg4 21. Rd4 Rd8 22. Rc1 Ke7 23. Rc5 Rd7 24. Rg5 Be6 25. Rxd7+ Bxd7 26. Ra5 a6 27. Rc5 Rd8 28. Rc4 Be6 29. Rd4 c5 30. Rxd8 Kxd8 31. e5 Kc7 32. Kf2 b5 33. Ke2 c4 34. Kd2 Kb6 35. Be4 Kc5 36. Bf3 a5 37. Kc3 g5 38. Be4 b4+ 39. axb4+ axb4+ 40. Kd2 Bd7 41. Bf3 Be8 42. Bg2 Bc6 43. Bh3 Bd5 44. Bf5 Kc6 45. Kc2 Be6 46. Be4+ Kd7 47. Kd2 Ke7 48. Bc6 f6 49. exf6+ Kxf6 50. Bb7 Ke5 51. Bg2 Bf7 52. Kc2 Bd5 53. Bh3 Bf3 54. Bf1 Kd5 55. Kd2 Bg4 56. Bg2+ Kc5 57. Be4 Kb5 58. Bd5 Bf5 59. Bf3 Kc5 60. Bg2 Bd3 61. Bf3 Kd6 62. Bb7 Bf1 63. Bf3 Ke5 64. Bb7 Bh3 65. Bf3 Bf5 66. Bg2 Be4 67. Bh3 Kd5 68. Bc8 Ke5 69. Bh3 Bf3 70. Bc8 Kd6 71. Bh3 g4 72. Bf1 Kc5 73. Kc2 Kb5 74. b3 Bd5 75. Be2 Kc5 76. bxc4 Bxc4 77. Bxg4 Kd6 78. Bf3 Ke5 79. Kb2 Be6 80. Kc2 Bc4 81. g4 Be6 82. Kd2 b3 83. Kc3 b2 84. Kxb2 Bxg4 1/2-1/2

[Event "Bargteheide op"]
[Site "Bargteheide"]
[Date "2008.05.02"]
[Round "4"]
[White "Masio, Andreas"]
[Black "Scheerer, Christoph"]
[Result "1/2-1/2"]
[WhiteElo "2115"]
[BlackElo "2426"]
[PlyCount "57"]
[EventDate "2008.05.01"]
[EventType "swiss"]
[EventRounds "7"]
[EventCountry "GER"]
[SourceTitle "CBM 124 Extra"]
[Source "ChessBase"]
[SourceDate "2008.07.03"]
[SourceVersion "1"]
[SourceVersionDate "2008.07.03"]
[SourceQuality "1"]

1. e4 Nc6 2. d4 d5 3. e5 f6 4. f4 Nh6 5. c3 Bg4 6. Be2 Bf5 7. Nf3 Qd7 8. 0-0 e6 9. Nbd2 Be7 10. b4 0-0 11. Nb3 Qe8 12. b5 Nd8 13. a4 fxe5 14. Nxe5 Ndf7 15. Bh5 Qd8 16. Bf3 Nxe5 17. fxe5 Bg5 18. Bxg5 Qxg5 19. Qd2 Qg6 20. Nc5 b6 21. Na6 Rac8 22. Nb4 Rf7 23. Nc6 Rcf8 24. Rac1 Kh8 25. Bd1 Bd3 26. Rxf7 Qxf7 27. Bf3 Qg6 28. Ne7 Qf7 29. Nxd5 1/2-1/2